| Tag |
First Indicator |
Second Indicator |
Subfields |
| LEADER |
00000cam a2200000 4500 |
| 001 |
in00000063695 |
| 005 |
20151008050642.0 |
| 008 |
800501s1851 nyuc 00010aeng |
| 010 |
|
|
|a 18011584
|
| 035 |
|
|
|a (OCoLC)06269838
|
| 035 |
|
|
|9 AAG2410AM
|
| 040 |
|
|
|a DLC
|c TXA
|d UtOrBLW
|
| 049 |
|
|
|a TXAM
|c [365897]
|
| 050 |
|
0 |
|a E450
|b .P13
|
| 092 |
|
|
|a 326.9758
|b P145s
|
| 100 |
1 |
|
|a Paine, Lewis W.,
|d 1819-
|
| 245 |
1 |
0 |
|a Six years in a Georgia prison. :
|b Narrative of Lewis W. Paine, who suffered imprisonment six years in Georgia, for the crime of aiding the escape of a fellow-man from that state, after he had fled from slavery /
|c Written by himself.
|
| 264 |
|
3 |
|a New York :
|b Printed for the author,
|c 1851.
|
| 300 |
|
|
|a 187 pages :
|b frontispiece (portrait) ;
|c 18 cm.
|
| 336 |
|
|
|a text
|b txt
|2 rdacontent
|
| 337 |
|
|
|a unmediated
|b n
|2 rdamedia
|
| 338 |
|
|
|a volume
|b nc
|2 rdacarrier
|
| 650 |
|
0 |
|a Slavery
|z United States
|x Fugitive slaves.
|
| 650 |
|
0 |
|a Slavery
|z Georgia.
|
| 999 |
|
|
|a MARS
|
| 999 |
f |
f |
|s bae36069-c260-39b4-8741-38c6dbd7a84e
|i a3375727-2416-35b7-a097-03842483abd6
|t 0
|
| 952 |
f |
f |
|p ric
|a Texas A&M University
|b Rellis Campus
|c Joint Library Facility
|d Remote Storage
|t 0
|e E450 .P13
|h Library of Congress classification
|i unmediated -- volume
|m A14800673266
|
| 998 |
f |
f |
|a E450 .P13
|t 0
|l Remote Storage
|